Central Library OPAC University of Rajshahi

Mathematical models in biology and medicine : (Record no. 54488)

MARC details
000 -LEADER
fixed length control field 01064nam a2200277 a 4500
001 - CONTROL NUMBER
control field 54488
003 - CONTROL NUMBER IDENTIFIER
rucl marc code BD-RjUL
005 - DATE AND TIME OF LATEST TRANSACTION
control field 20211209080128.0
008 - FIXED-LENGTH DATA ELEMENTS--GENERAL INFORMATION
fixed length control field 161107s1974 nyu b 101 0 eng
020 ## - INTERNATIONAL STANDARD BOOK NUMBER
International Standard Book Number 0444105336 (American Elsevier)
International Standard Book Number 0720420873
035 ## - SYSTEM CONTROL NUMBER
System control number (BD-RjUL)54610
040 ## - CATALOGING SOURCE
Original cataloging agency DLC
Transcribing agency DLC
Modifying agency BD-RjUL
Language of cataloging eng
041 ## - LANGUAGE CODE
Language code of text/sound track or separate title eng
082 00 - DEWEY DECIMAL CLASSIFICATION NUMBER
Classification number 511.8
Edition number 23
Author mark and year MAT 1974
245 10 - TITLE STATEMENT
Title Mathematical models in biology and medicine :
Remainder of title proceedings of the IFIP-TC4 Working Conference on Mathematical Models in Biology and Medicine, Varna, 6-11 September 1972 /
Statement of responsibility, etc. edited by N. T. J. Bailey, Bl. Sendov, R. Tsanev.
260 ## - PUBLICATION, DISTRIBUTION, ETC. (IMPRINT)
Place of publication, distribution, etc. New York :
Name of publisher, distributor, etc. American Elsevier Pub. Co.,
Date of publication, distribution, etc. 1974.
300 ## - PHYSICAL DESCRIPTION
Pagination ix, 152 p. ;
Size 23 cm.
504 ## - BIBLIOGRAPHY, ETC. NOTE
Bibliography, etc Includes bibliographies and index.
650 #0 - SUBJECT ADDED ENTRY--TOPICAL TERM
Topical term or geographic name as entry element Biology
General subdivision Mathematical models
-- Congresses.
9 (RLIN) 162561
Topical term or geographic name as entry element Medicine
General subdivision Mathematical models
-- Congresses.
9 (RLIN) 162562
700 1# - ADDED ENTRY--PERSONAL NAME
Personal name Bailey, Norman T. J.,
Relator term ed.
Personal name Sendov, Blagovest,
Relator term ed.
Personal name Tsanev, Rumen,
Relator term ed.
942 ## - ADDED ENTRY ELEMENTS (KOHA)
Source of classification or shelving scheme Dewey Decimal Classification
Koha item type Books
Holdings
Lost status Source of classification or shelving scheme Damaged status Not for loan Collection code Permanent Location Current Location Shelving location Date acquired Source of acquisition Total Checkouts Full call number Date last seen Copy number Koha item type
  Dewey Decimal Classification     Non-fiction Central Library, University of Rajshahi Central Library, University of Rajshahi   18/04/1979 Netherland   511.8 MAT 1974 07/11/2016 C-2 Books
  Dewey Decimal Classification   Not For Loan Non-fiction Central Library, University of Rajshahi Central Library, University of Rajshahi Reading Room 18/04/1979 Netherland   511.8 MAT 1974 19/03/2017 C-1 Books